000 00778nam a2200229 a 4500
001 000019532
005 20200929170041.0
008 100630t2009 es a 000 0cspa d
020 _a9788466219365
040 _aDO-SdBNP
_bspa
_cBNPHU
082 _a920
_bL864p
100 1 _aLópez Ruiz, José María
_941912
245 1 4 _aLos personajes más siniestros y crueles /
_cJosé María López Ruiz ; edición Azucena Merino.
260 _aMadrid :
_bLibsa,
_c2009.
300 _a414 p. :
_bil. ;
_c24 cm.
504 _aIncluye bibliografías (p. 413-414)
650 4 _aDictadores
_xBiografías
_941913
650 4 _aDespotismo
_xHistoria
_941914
650 4 _aTotalitarismo
_xHistoria
_941915
700 1 _aMerino, Azucena,
_eed.
_941916
910 _aValidado. Control de calidad EMS
999 _c19048
_d19048